Súvislosti a vývoj zahraničného obchodu SR v roku 2001

Sumárny prehľad vývoja zahraničného obchodu SR v roku 2001 v porovnaní s rokom 2000. Konkurenčná schopnosť slovenskej ekonomiky. Rekapitulácia hlavných makroekonomických poznatkov a záverov, ako aj pozitívnych predpokladov a rizík vo vývoji deficitu v roku 2002. Pozitívne predpoklady a riziká. Progn...

Descrizione completa

Salvato in:
Dettagli Bibliografici
Autore principale: Burda, Štefan
Natura: Capitolo di libro
Lingua:slovacco
Soggetti:
Tags: Aggiungi Tag
Nessun Tag, puoi essere il primo ad aggiungerne!!

MARC

LEADER 00000naa a2200000 4500
001 r045565
005 20230825103705.3
041 0 |a slo 
044 |a SK 
245 1 0 |a Súvislosti a vývoj zahraničného obchodu SR v roku 2001  |c Štefan Burda 
520 |a Sumárny prehľad vývoja zahraničného obchodu SR v roku 2001 v porovnaní s rokom 2000. Konkurenčná schopnosť slovenskej ekonomiky. Rekapitulácia hlavných makroekonomických poznatkov a záverov, ako aj pozitívnych predpokladov a rizík vo vývoji deficitu v roku 2002. Pozitívne predpoklady a riziká. Prognóza vývoja obchodnej bilancie v roku 2002. Riziká, na ktoré upozornila misia MMF pri tohtoročnej previerke. 
610 2 0 |a obchod zahraničný 
610 2 0 |a analýza ekonomická 
610 2 0 |a Slovensko 
610 2 0 |a 2001 
610 2 0 |a ukazovatele makroekonomické 
610 2 0 |a výkonnosť 
610 2 0 |a vývoz 
610 2 0 |a dovoz 
610 2 0 |a konkurencieschopnosť 
610 2 0 |a deficit 
610 2 0 |a bilancia obchodná 
610 2 0 |a ochrana trhu 
610 2 0 |a pohyby kurzové 
610 2 0 |a ceny svetové 
100 1 |a Burda, Štefan